| 000 | 00642cam a22001934a 4500 | ||
|---|---|---|---|
| 005 | 20250605164138.0 | ||
| 008 | 250528s ||||||||||||||||||||||||d | ||
| 035 | _a18868 | ||
| 040 |
_aGR-AtMCL _bgre _dGR-AtMCL _eAACR2 |
||
| 245 | 1 | _aTelevision | |
| 250 | _a1st | ||
| 260 |
_bWheaton Of Exeter, _c1964 |
||
| 300 | _a114 | ||
| 520 | _aHow it Began, How a Programme is Made, The Job of the Writer, The Job of the Director, The Job of the Actor, Film in Television, Spotting the Programme, Appreciating Television, The Future of Television, Index. | ||
| 700 | 1 |
_aSwinson Arthur _95143 |
|
| 942 | _cBK | ||
| 999 |
_c4175 _d4175 |
||